| 000 | 00797cab a2200253 4500 | ||
|---|---|---|---|
| 001 | WB3409-12 | ||
| 008 | 090401t1998 xxu||||| |||| 00| 0 eng d | ||
| 035 | _a(Sirsi) u84686 | ||
| 041 | _aeng | ||
| 245 | _aMove for greater environmental funding | ||
| 260 | _c1998 | ||
| 350 | _a0 | ||
| 490 |
_aFinancial Times _v3 February 1998, 35(1) |
||
| 520 | _aVarious European countryside organisations are pressing for greater funding from the European Commission for environmentally friendly farming. | ||
| 650 | _aAGRI-ENVIRONMENT PROGRAMME | ||
| 650 | _aCAP | ||
| 650 | _aCOUNTRYSIDE COMMISSION | ||
| 650 | _aENVIRONMENTALLY FRIENDLY FARMING | ||
| 650 | _aEUROPEAN COMMISSION | ||
| 650 | _aFUNDING | ||
| 690 | _aENVIRONMENTAL AND LAND CONSULTANCY | ||
| 942 | _n0 | ||
| 948 | _c05/03/1998 | ||
| 999 |
_c53251 _d53251 |
||